| 000 | 00993cam a2200265 4500 | ||
|---|---|---|---|
| 001 | gs 68000324 | ||
| 003 | DLC | ||
| 005 | 20260227111423.0 | ||
| 008 | 700127s1969 dcub b 00010 eng c | ||
| 010 | _ags 68000324 //r85 | ||
| 040 | _aU.S. Geological Survey Library | ||
| 050 | 0 |
_aQE75 _b.P9 no. 628 |
|
| 051 |
_aQE71 _b.K56 _cCopy 2. |
||
| 082 | _a551.8/097 | ||
| 100 | 1 | 0 |
_aKing, Philip Burke, _d1903- |
| 245 | 1 | 4 |
_aThe tectonics of North America; _ba discussion to accompany the Tectonic map of North America, scale 1:5,000,000, _cby Philip B. King. |
| 260 | 0 |
_aWashington, _bU.S. Govt. Print. Off., _c1969. |
|
| 300 |
_aiv, 95 p. _bmaps. _c29 cm. |
||
| 490 | 1 | _aGeological Survey professional paper 628 | |
| 504 | _aBibliography: p. 87-94. | ||
| 650 | 0 |
_aGeology _zNorth America. |
|
| 710 | 2 | 0 |
_aInternational Geological Congress. _bCommission for the Geological Map of the World. |
| 730 | 1 | _aTectonic map of North America. | |
| 830 | 0 |
_aGeological Survey professional paper ; _v628. |
|
| 999 |
_c30529 _d30529 |
||